<?xml version="1.0" encoding="UTF-8"?>
<record
    xmlns:xsi="http://www.w3.org/2001/XMLSchema-instance"
    xsi:schemaLocation="http://www.loc.gov/MARC21/slim http://www.loc.gov/standards/marcxml/schema/MARC21slim.xsd"
    xmlns="http://www.loc.gov/MARC21/slim">

  <leader>00361    a2200109   4500</leader>
  <controlfield tag="001">ART_38286</controlfield>
  <controlfield tag="005">20260410161752.0</controlfield>
  <controlfield tag="008">260409a                                 </controlfield>
  <datafield tag="245" ind1="1" ind2="0">
    <subfield code="a">R&#xE9;gimen especial de concesi&#xF3;n de explotaci&#xF3;n. Art&#xED;culo 23 de la ley de IVA</subfield>
  </datafield>
  <datafield tag="100" ind1="1" ind2=" ">
    <subfield code="a">Mastandrea, Alberto F.</subfield>
  </datafield>
  <datafield tag="773" ind1="0" ind2=" ">
    <subfield code="t">Doctrina tributaria</subfield>
    <subfield code="g">- N&#xBA; 412 (jul. 2014)</subfield>
    <subfield code="w">REV4296</subfield>
  </datafield>
  <datafield tag="999" ind1=" " ind2=" ">
    <subfield code="c">19736</subfield>
    <subfield code="d">19736</subfield>
  </datafield>
</record>
